Krajinno-ekologické aspekty lesníckych stavieb Zborník referátov zo seminára. Zvolen, jún 1994

Saved in:
Bibliographic Details
Format: Book
Language:Slovak
Published: Zvolen Technická univerzita 1994
Edition:1. vyd.
Subjects:
Tags: Add Tag
No Tags, Be the first to tag this record!

MARC

LEADER 00000nam a2200000 4500
001 c005653
005 20221214074453.0
020 |a 80-228-0331-6 
041 0 |a slo 
044 |a SK 
245 1 0 |a Krajinno-ekologické aspekty lesníckych stavieb  |b Zborník referátov zo seminára. Zvolen, jún 1994 
250 |a 1. vyd. 
264 1 |a Zvolen  |b Technická univerzita  |c 1994 
300 |a 61 s. 
610 2 0 |a ekológia 
610 2 0 |a lesy 
610 2 0 |a pôda 
610 2 0 |a ochrana prostredia životného